Microsoft Office 2003 : (Record no. 528)
[ view plain ]
| 000 -LEADER | |
|---|---|
| fixed length control field | 00884nac a22002291u 4500 |
| 010 ## - LIBRARY OF CONGRESS CONTROL NUMBER | |
| LC control number | 2005280855 |
| 020 ## - INTERNATIONAL STANDARD BOOK NUMBER | |
| International Standard Book Number | 0132370360 (spiral) |
| 082 00 - DEWEY DECIMAL CLASSIFICATION NUMBER | |
| Classification number | 005.5 |
| Item number | G774 |
| 090 ## - LOCALLY ASSIGNED LC-TYPE CALL NUMBER (OCLC); LOCAL CALL NUMBER (OCLC) | |
| -- | 528 |
| -- | 528 |
| 100 ## - MAIN ENTRY--PERSONAL NAME | |
| Personal name | Grauer, Robert T., |
| 245 10 - TITLE STATEMENT | |
| Title | Microsoft Office 2003 : |
| Remainder of title | with additional Excel & Access coverage / |
| Statement of responsibility, etc | Robert T. Grauer, Maryann Barber. |
| 250 ## - EDITION STATEMENT | |
| Edition statement | Plus ed. |
| 260 ## - PUBLICATION, DISTRIBUTION, ETC. (IMPRINT) | |
| Place of publication, distribution, etc | Upper Saddle River, N.J. : |
| Name of publisher, distributor, etc | Pearson/Prentice Hall,2006 |
| Date of publication, distribution, etc | c2006. |
| 300 ## - PHYSICAL DESCRIPTION | |
| Extent | xxiii, 1189 p. : |
| Other physical details | col. ill. ; |
| Dimensions | 28 cm. |
| 490 1# - Series Statement | |
| Series statement | The exploring series / by Prentice Hall |
| 500 ## - GENERAL NOTE | |
| General note | Includes index. |
| 650 #0 - SUBJECT ADDED ENTRY--TOPICAL TERM | |
| Topical term or geographic name as entry element | Business |
| General subdivision | Computer programs. |
| 700 1# - ADDED ENTRY--PERSONAL NAME | |
| Personal name | Barber, Maryann M. |
| 830 #0 - SERIES ADDED ENTRY--UNIFORM TITLE | |
| Uniform title | Exploring series (Pearson/Prentice Hall) |
| 942 ## - ADDED ENTRY ELEMENTS (KOHA) | |
| Item type | Book - Borrowing |
| Call number prefix | 005.5G774 |
| Withdrawn status | Item status | Source of classification or shelving scheme | Damaged status | Not for loan | Vendor | Home library | Current library | Shelving location | Date acquired | Source of acquisition | Cost, normal purchase price | Total Checkouts | Full call number | Barcode | Date last seen | Cost, replacement price | Koha item type |
|---|---|---|---|---|---|---|---|---|---|---|---|---|---|---|---|---|---|
| Dewey Decimal Classification | Central Library | Central Library | Lower Floor | 17/07/2006 | 240.00 | 1 | 005.5 GRA | 000004091 | 15/07/2025 | 300.00 | Book - Borrowing |